000 00582nam a2200205Ia 4500
005 20230602110741.0
008 131103s9999 xx 000 0 und d
040 _aLoreto College
041 _aEnglish
082 _a809
_bELL
245 4 _aThe modern tradition
_b backgrounds of modern literature
_cedited by Richard Ellmann
260 _aNew York
_bOxford University Press
_c1965
300 _axix,953 p.
504 _aIncludes index
650 _aEnglish Literature
651 _aHistory and Criticism
700 _aEllmann,Richard,ed.
850 _aLCLIB
942 _cBK
999 _c12978
_d63457